[Event "Astrakhan FIDE GP"]
[Site "Astrakhan"]
[Date "2010.05.11"]
[Round "2"]
[White "Svidler, Peter"]
[Black "Ponomariov, Ruslan"]
[Result "0-1"]
[WhiteElo "2735"]
[BlackElo "2733"]
[Annotator "Kritz,L"]
[PlyCount "50"]
[EventDate "2010.05.10"]
[EventType "tourn"]
[EventRounds "13"]
[EventCountry "RUS"]
[EventCategory "20"]
[SourceTitle "CBM 137"]
[Source "ChessBase"]
[SourceDate "2010.07.15"]
[SourceVersion "1"]
[SourceVersionDate "2010.07.15"]
[SourceQuality "1"]

1. e4 e5 2. Nf3 Nc6 3. Bb5 Nf6 4. O-O (4. d3 {ist eine alternative Fortsetzung.
Man bekommt spielbare Stellungen, doch keinen Eröffnungsvorteil.} Bc5 (4... d6
$5 5. O-O Be7 6. c3 O-O 7. Re1 a6 8. Ba4 b5 9. Bc2 Re8 $132 {Es entsteht ein
typischer Spanier mit d3.}) 5. Bxc6 (5. O-O d6 6. c3 O-O 7. Nbd2 a6 8. Ba4 Ba7
$132 {Wiederum hat Schwarz wenig zu befürchten.}) 5... dxc6 6. Be3 Qe7 (6...
Bxe3 $2 {verbessert die weiße Bauernstruktur und öffnet die f-Linie.} 7. fxe3
Qe7 8. O-O Ng4 9. Qd2 f6 10. Nh4 g6 11. Nc3 Bd7 12. Rf3 f5 13. g3 Nf6 14. exf5
g5 15. Ng2 e4 16. Nxe4 Nxe4 17. dxe4 O-O-O 18. Qa5 $16 {Sutovsky - Carlsen 
(Crete, 2007)}) 7. Bxc5 Qxc5 8. Nc3 Bg4 9. h3 Bxf3 10. Qxf3 O-O {Schwarz hat
keine Schwiriegkeiten.} 11. O-O-O a5 12. Qf5 Rfd8 13. Rhf1 a4 14. a3 b5 $132 {
Sutovsky - Aronian (Caleta, 2005)}) 4... Nxe4 5. d4 (5. Re1 {Das ist eine
bekannte Remisvariante:} Nd6 6. Nxe5 Nxe5 7. Rxe5+ Be7 8. Bf1 (8. Bd3 O-O 9.
Nc3 c6 10. b3 Ne8 11. Bb2 d5 12. Qh5 Nf6 13. Qh4 Be6 $11) 8... O-O 9. d4 Bf6
10. Re1 Nf5 11. c3 d5 $11 {Bei symmetrischer Bauernstruktur das Maximum, was
beide Seiten erreichen können, ist der kollektive Abtausch aller Figuren.})
5... Nd6 6. Bxc6 dxc6 7. dxe5 Nf5 8. Qxd8+ Kxd8 9. Nc3 h6 (9... Ke8 10. h3 Be7
11. g4 (11. Bg5 Bxg5 12. Nxg5 h6 $1 {Es is wichtig, den gegnerischen Springer
gleich zu vertreiben.} 13. Nf3 h5 14. Rad1 (14. Ne2 Ke7 15. Nf4 g6 $1 16. Rad1
Ng7 17. Rfe1 Rd8 18. Rxd8 Kxd8 19. Ng5 Ke7 20. Rd1 a5 21. a4 Bf5 $132 {Timman
- Kritz (Amsterdam, 2002)}) 14... Ke7 $11) 11... Nh4 12. Nxh4 Bxh4 13. Kg2 h5
14. f3 Be6 $11 {Die schwarze Stellung ist zwar passiv, aber nicht zu brechen.})
10. h3 (10. Rd1+ {Das Problem dieses Zuges ist, dass Weiß eigentlich den
anderen Turm auf d1 stellen sollte.} Ke8 11. h3 a5 12. Bf4 Be6 13. g4 Ne7 14.
Nd4 Nd5 15. Nce2 Bc5 16. Nxe6 fxe6 17. c4 Nb6 18. b3 a4 $132 {Kasparov -
Kramnik (London, 2000)}) (10. b3 $5 {Es macht Sinn, Zeit am Zug h3 zu sparen,
wenn man nicht mit g4 spielen will.} Bd7 11. Bb2 Kc8 12. Rad1 b6 13. Rd3 (13.
Ne2 c5 14. c4 Bc6 $11 {Kasparov - Kramnik (London, 2000)}) 13... Ne7 14. Rfd1 {
Weiß entwickelt nun eine unangenehme Initiative.} Bf5 15. Rd8+ Kb7 16. Rxa8
Kxa8 17. Nd4 Bg4 18. Nce2 c5 19. h3 Bc8 20. Nb5 Kb7 21. Nf4 $36 {Bruzon
Batista - Mitkov (Merida, 2008)}) 10... Bd7 11. b3 (11. Bf4 $5 Kc8 12. Rad1 $1
(12. a3 $2 {ist einfach zu langsam.} b6 13. Rad1 Ne7 14. Rfe1 c5 $132 {Motylev
- Ponomariov (Motril, 2008). Schwarz plant Bc6-Kb7 mit guter Stellung.}) 12...
b6 13. Rd3 Be6 14. Rfd1 Kb7 15. b3 $14 {und Schwarz hatte Probleme mit seiner
Entwicklung in Anand - Topalov (Monte Carlo, 2005).}) 11... c5 $5 {Dieser Zug
wird selten gespielt. Die üebliche Fortsetzung ist 11....Kc8. Jedoch wie man
sieht, hat Schwarz nach 11....c5 noch keine Probleme gehabt.} (11... Kc8 12.
Bb2 b6 13. Rad1 c5 (13... Ne7 {gilt als Hauptzug. Weiß hat nun mehrere
Fortsetzungsmöglichkeiten.} 14. Rd2 {sieht am logischsten aus, aber auch
andere Ideen sind interessant.} (14. Ne2 Ng6 15. Ng3 (15. Ne1 h5 16. Nd3 c5 17.
c4 a5 18. a4 h4 $11 {Kasparov - Kramnik (London, 2000)}) 15... Nf4 16. Nd4 a5
17. a4 b5 18. Kh2 bxa4 19. bxa4 Nd5 20. Rd3 Nb6 $132 {Shirov - Kramnik (Astana,
2001)}) (14. Nd4 $5 c5 15. Nde2 a5 16. Rd2 Nc6 17. Rfd1 Be6 18. Nf4 Bf5 19. g4
$1 $16 {Efimenko - Naiditsch (Subotica, 2008)}) 14... c5 15. Rfd1 Be6 16. Ne2
g5 $132 {Anand - Kramnik (Mainz, 2001)}) 14. Rfe1 ({Nach} 14. Nd5 a5 $1 15. a4
c4 $1 {wurde Weiß praktisch gezwungen, den Bauer zu opfern:} 16. e6 fxe6 17.
Nf4 cxb3 18. cxb3 Bd6 19. Ng6 Rg8 20. Nfe5 Be8 $15 {Wonach Schwarz eindeutig
besser stand in Stellwagen - Efimenko (Wattenscheid, 2008).}) 14... a5 $5 $146
{Der Zug ist vielleicht nicht schlecht, aber mir gefällt die sofortige
Überführung des Springers nach g6 besser.} (14... Ne7 {Die Überführung des
Springers nach g6 ist ein typischer Manöver - von dort aus kontrolliert er das
Feld f4.} 15. Nd2 (15. Ne2 Ng6 $11 {Leko - Jakovenko (Jermuk, 2009)}) 15... Be6
16. Nde4 c4 17. Kh2 cxb3 18. cxb3 Ng6 19. Nb5 Bd7 20. Nec3 Bc5 21. Ba3 Bxa3 22.
Nxa3 Re8 $11 {Motylev - Volokitin (Wijk aan Zee, 2009)}) 15. a4 {Weiss kann
vielleicht erlauben, Schwarz a4 zu spielen.} (15. g4 $5 Ne7 16. Nd2 h5 17. f3
a4 18. Kg2 $14) 15... Ne7 {Nachdem die Züge a5 und a4 gespielt wurden, ist es
sogar noch besser für Schwarz.} 16. Ne2 Ng6 $132 {Und Schwarz hatte gutes
Gegenspiel in Motylev - Ponomariov (Khanty-Mansiysk, 2009)}) 12. Rd1 ({Es
verdient Betrachtung} 12. Bb2 $5 {mit der Idee, den anderen Turm nach d1 zu
stellen. Womöglich hat Schwarz die Möglichkeit 12....Nd4!?} Nd4 13. Nxd4 (13.
Rad1 Nxf3+ 14. gxf3 Kc8 15. Kg2 Be6 $15 {Schwarz kann nur besser stehen.})
13... cxd4 14. Ne4 c5 15. c3 $1 {Man muss dynamisch spielen, ansonsten wird
man einfacht schlecht stehen.} dxc3 16. Bxc3 Kc7 17. Rad1 Be7 18. Nd6 Bxd6 $3 (
18... Be6 19. f4 g6 20. Nxf7 $3 Bxf7 21. e6 Bxe6 22. Bxh8 Rxh8 23. Rfe1 $18)
19. exd6+ Kc6 20. Bxg7 Rhg8 21. Be5 Bxh3 22. Bg3 Be6 $11 {Es sieht so aus,
dass Schwarz sich halten kann.}) 12... Kc8 {Es ist offensichtlich, dass mit
dieser Zugfolge Schwarz etwas gewonnen hat, nämlich, dass der weiße Turm a1
nicht so leicht ins Spiel kommt.} 13. a4 (13. Bb2 Be6 14. Nd5 g5 15. c4 b6 16.
Rd2 Kb7 17. Rad1 Ne7 18. Nf6 {1/2-1/2 Motylev,A (2705)-Zhou Jianchao (2650)/
Ningbo CHN 2010/The Week in Chess 806}) 13... a5 14. Nd5 ({Auch nichts bringt} 
14. g4 Ne7 15. Rd3 Bc6 $1 $11 ({Aber nicht} 15... g5 $2 16. Bxg5 $1 hxg5 17.
Rad1 $18)) 14... g5 $1 {Schwarz kann das Feld f6 aufgeben - der weiße Springer
wird hübsch aussehen und keine Beschäftigung haben.} 15. Bb2 Be6 {Der Läufer
e6 ist unantastbar - die Felder d4 und f4 sind beide unter der Kontrolle der
schwarzen Bauern.} 16. c4 b6 17. Kh2 {Weiß bereitet den Standardplan,
g4-Kg3-h4 vor.} (17. g4 Ne7 18. Kg2 Ng6 19. Kg3 Kb7 20. h4 c6 $1 21. Ne3 gxh4+
22. Nxh4 Nxh4 23. Kxh4 Be7+ 24. Kg3 h5 $15) 17... Ne7 18. g4 Ng6 19. Kg3 Be7 {
Ponomariov will die Möglichkeit h4 ausschließen.} (19... Kb7 $5 {sieht auch
sehr vernünftig aus.}) 20. Nf6 (20. Nxe7+ Nxe7 21. Rd2 Kb7 22. Rad1 Rag8 $11 {
Weiß kann nichts machen.}) 20... Kb7 (20... Bxf6 {vereinfacht die Stellung und
führt zu einem remislichen Endspiel.} 21. exf6 Kb7 22. Rd2 Rad8 23. Rad1 Rxd2
24. Rxd2 Re8 $11 {Anscheinend wollte Schwarz mehr als nur ein einfaches Remis,
das man noch machen muss.}) 21. Nh5 {Die Idee ist, Ng7 zu spielen und den
Läufer anzugreifen. Wenn Weiß den Läufer e6 bekommt, kann er über das Feld d7
spielen.} Rhg8 $1 {Beste Entscheidung ist den Springer gar nicht nach g7 zu
lassen.} 22. Ng1 $6 {Sehr oft, wenn ein Zug schlecht aussieht, dann ist er
auch schlecht. Svidler will Nge2-f4 spielen, doch das bringt ihm nichts.} Rad8
23. Ne2 Bd7 24. Rd2 $4 {Ein Einsteller nach dem Weiß aufgeben muss.} ({
Schlecht ist auch} 24. f4 $2 gxf4+ 25. Nexf4 Bh4+ 26. Kh2 (26. Kf3 Bc6+ 27. Nd5
Rge8 $17) 26... Bc6 27. Nd5 Bxd5 28. Rxd5 (28. cxd5 Rde8 $17) 28... Ne7 $15) ({
Vielleicht das Beste, was Weiß machen kann, ist einzusehen, dass der Plan mit
der Überführung des Springers nicht funktioniert hat, und den Springer wieder
auf f3 zu stellen. Typisches Problem der Berliner Mauer ist es, wenn Weiß
nichts versucht, hat Schwarz auch kein richtiges Spiel.} 24. Ng1 $5 Bc6 25. Nf3
$11) 24... Bxa4 $1 25. Rxd8 Rxd8 {Nachdem Weiß den Läufer nimmt, kommt 26....
Rd2 und die schwarze Stellung ist gewonnen.} 0-1

[Event "Astrakhan FIDE GP"]
[Site "Astrakhan"]
[Date "2010.05.13"]
[Round "4"]
[White "Leko, Peter"]
[Black "Ponomariov, Ruslan"]
[Result "1/2-1/2"]
[WhiteElo "2735"]
[BlackElo "2733"]
[Annotator "Kritz,L"]
[PlyCount "87"]
[EventDate "2010.05.10"]
[EventType "tourn"]
[EventRounds "13"]
[EventCountry "RUS"]
[EventCategory "20"]
[SourceTitle "CBM 137"]
[Source "ChessBase"]
[SourceDate "2010.07.15"]
[SourceVersion "1"]
[SourceVersionDate "2010.07.15"]
[SourceQuality "1"]

1. e4 e5 2. Nf3 Nc6 3. Bb5 Nf6 4. O-O Nxe4 5. d4 Nd6 6. Bxc6 dxc6 7. dxe5 Nf5
8. Qxd8+ Kxd8 9. Nc3 h6 10. Rd1+ {Das Problem dieses Zuges ist, dass Weiß
eigentlich den anderen Turm nach d1 stellen sollte.} Ke8 ({Der Versuch, in die
Variante mit der Überführung des Königs nach c8 überzugehen, endet mit eine
Katastrophe:} 10... Bd7 $2 11. g4 $1 (11. e6 fxe6 12. Ne5 Nd6 13. Rxd6 Bxd6 14.
Nf7+ Ke7 15. Nxh8 Rxh8 $19) 11... Ne7 12. e6 fxe6 13. Ne5 Nd5 14. Nf7+ Ke7 15.
Nxh8 $18) 11. h3 Ne7 {In dieser Stellung hat Weiß unterschiedliche Spielweisen
ausprobiert, doch keine scheint ihm was zu bringen.} (11... a5 12. Bf4 Be6 13.
g4 Ne7 14. Nd4 Nd5 15. Nce2 Bc5 16. Nxe6 fxe6 17. c4 Nb6 18. b3 a4 $132 {
Kasparov - Kramnik (London, 2000)}) 12. Bf4 (12. Be3 {Der Läufer auf e3 sieht
ziemlich komisch aus.} Ng6 13. Ne2 Be6 14. Ned4 Bd5 15. Nd2 Bc5 16. c4 Bxd4 17.
Bxd4 Be6 18. b3 b6 19. Be3 Ke7 20. f4 h5 21. Ne4 h4 $11 {Kravtsiv - Gupta 
(Delhi, 2010). Schwarz stand zumindest mal nicht schlechter.}) (12. Nd4 Ng6 (
12... a6 $2 13. b3 {stellt eine Falle auf:} c5 $4 14. Ndb5 $1 axb5 15. Nxb5 Nd5
16. Rxd5 c6 17. Nc7+ Ke7 18. Nxa8 cxd5 19. Nb6 Be6 20. Ba3 $18) (12... Bd7 13.
Bf4 Ng6 14. Bg3 h5 15. e6 Bxe6 16. Nxe6 fxe6 17. Bxc7 Be7 18. Ne4 $14 {Milov -
Naumann (Bad Wiessee, 2009)}) 13. f4 Bc5 14. Ne4 Bxd4+ 15. Rxd4 h5 $11) (12.
Ne4 Ng6 13. Re1 {Wenn man solche Züge machen muss, dann ist keine Rede von
Eröffnungsvorteil.} c5 14. Ng3 Be6 15. Nh5 Kd7 16. a4 Re8 17. Bd2 Bd5 18. Bc3
Bxf3 19. gxf3 Nh4 $15 {und Schwarz stand schon besser in Kosteniuk - Stefanova
(Beijing, 2008)}) 12... Ng6 13. Bh2 {Die Idee hinter diesem Manöver ist immer
die selbe - e6.} Bb4 $1 {Es ist gut, den Springer vom Feld e4 fern zu halten.}
(13... Be6 14. Nd4 $14) 14. Ne2 (14. Ne4 $2 Bf5 15. Rd4 c5 $15) 14... Bd7 15.
Nfd4 {Es droht e6, aber Schwarz kann es einfach zulassen.} Bc5 16. e6 Bxe6 17.
Nxe6 fxe6 18. Bxc7 {Hier kann man sehen, dass der Springer e2 eigentlich nicht
im Spiel ist. Schwarz hat genug Zeit, um seine Figuren zu aktivieren.} Rf8 19.
Bg3 Rd8 {Jeder Abtausch erleichtert Schwarz die Verteidigung.} 20. Nc3 (20.
Rxd8+ Kxd8 21. Rd1+ Kc8 22. Kf1 e5 $1 $11) 20... Rxd1+ (20... Bd4 {macht nicht
viel Sinn, weil Schwarz anschließend nicht auf b2 nehmen kann:} 21. Ne4 Bxb2 $2
22. Rxd8+ Kxd8 23. Rd1+ Ke8 24. Nd6+ Ke7 25. Nc4 $1 $18) 21. Rxd1 Nf4 {Der
Springer auf f4 steht sehr gut - er neutralisiert den weißen Läufer völlig.}
22. Ne4 Be7 23. Kf1 Rf5 24. c4 g5 {Schwarz hat Raumvorteil am Königsflügel und
er versucht ihn zu nutzen.} 25. b3 (25. Nd6+ Bxd6 26. Rxd6 Ke7 $11 {Weiß
bekommt nichts von dem Abtausch.}) 25... h5 26. Bxf4 ({In solchen Situationen
sollte man sehr langsam und geduldig spielen. Es scheint logisch, f3 zu
spielen, um den Läufer über f2 ins Spiel zu bringen.} 26. f3 $5 a6 27. Bf2 b5
$11) 26... Rxf4 27. Re1 {Nun ist nicht viel zu machen.} h4 $1 {Es sieht
komisch aus, dass Schwarz die Bauern auf schwarz stellt, doch eigentlich will
er im nächsten Zug g4 spielen, und am Königsflügel die Situation vereinfachen.}
28. Re3 (28. f3 Rf5 29. Rd1 Bb4 30. Ke2 Ra5 31. a4 Ke7 $11 {Es gibt einfach
kein Durchbrechen.}) 28... g4 $1 29. hxg4 Rxg4 {Nun ist der Bauer g2 schwach,
und muss ebenfalls abgetauscht werden.} 30. g3 hxg3 31. fxg3 $6 {Der einzige
mögliche Versuch, um Vorteil zu kämpfen. Jedoch hat Schwarz in diesem Endspiel
sogar etwas bessere Chancen. Es wäre einfacher, mit dem Springer zu nehmen und
gleich Remis anzubieten.} (31. Nxg3 $11) 31... Kf7 32. Kg2 e5 33. Re1 Ke6 $15 {
Wenn hier jemand aktiv spielen kann, dann nur Schwarz. Die Stellung ist
natürlich trotzdem noch im remislichen Bereich.} 34. Kf3 Kf5 35. Nf2 Rd4 36.
g4+ Ke6 37. Re4 Rd8 38. Re2 a5 ({Interessant ist} 38... b5 $5 {mit der Idee,
Linien zu öffnen.} 39. cxb5 Rf8+ 40. Kg3 cxb5 $15) 39. Ne4 Rd3+ 40. Re3 Rd1 41.
Re2 Rd3+ 42. Re3 Rd1 43. Re2 Rd3+ 44. Re3 1/2-1/2

[Event "Astrakhan FIDE GP"]
[Site "Astrakhan"]
[Date "2010.05.16"]
[Round "6"]
[White "Jakovenko, Dmitrij"]
[Black "Ponomariov, Ruslan"]
[Result "1-0"]
[WhiteElo "2725"]
[BlackElo "2733"]
[Annotator "Krasenkow,M"]
[PlyCount "125"]
[EventDate "2010.05.10"]
[EventType "tourn"]
[EventRounds "13"]
[EventCountry "RUS"]
[EventCategory "20"]
[SourceTitle "CBM 137"]
[Source "ChessBase"]
[SourceDate "2010.07.15"]
[SourceVersion "1"]
[SourceVersionDate "2010.07.15"]
[SourceQuality "1"]

1. d4 Nf6 2. c4 g6 3. Nc3 d5 4. cxd5 Nxd5 5. e4 Nxc3 6. bxc3 Bg7 7. Nf3 c5 8.
Be3 Qa5 9. Qd2 O-O 10. Rc1 Rd8 11. d5 e6 12. Bg5 {A popular move in this
variation.} f6 (12... Re8 $143 13. d6 $1 {[%cal Yh2h4,Yh4h5] leads to a very
unpleasant position for Black:} Bd7 (13... b5 14. h4 $1 (14. Be2 Nd7 15. e5 Bb7
16. O-O Rab8 17. Rfe1 Bxf3 18. Bxf3 Nxe5 19. d7 Red8 20. Qd6 Nxd7 21. Bxd8 Rxd8
22. Red1 Bf6 23. Qf4 Kg7 $11 {1/2 Wang Hao (2708)-Mamedyarov,S (2719)/Khanty
Mansiysk 2009/CBM 134/[Marin] (52)}) 14... Bb7 15. Bd3 Nd7 16. h5 e5 17. hxg6
hxg6 18. Bh6 Bf6 19. Nh2 Re6 20. Ng4 $40 {1-0 Pashikian,A (2647)-Vachier
Lagrave,M (2730)/Moscow 2010/CBM 135 (45)}) 14. Bh6 (14. h4 $5 Bc6 15. Bd3)
14... Bf6 (14... Qd8 15. h4 $1 f6 16. e5 Bc6 17. h5 g5 18. Bxg7 Kxg7 19. exf6+
Qxf6 20. h6+ $1 Kh8 21. Qxg5 $18 {1-0 Anand,V (2783)-Leko,P (2751)/Miskolc
2009/CBM 130 Extra (46)}) (14... Bh8 15. h4 Bc6 16. h5 Nd7 17. Ng5 Qa4 18. Be2
f6 19. Nxh7 $1 Qxe4 20. f3 Qd5 21. hxg6 $16 {1-0 Micic,N (2390)-Neven,K (2418)/
IECG 2004/Telechess CBM 115 (38)}) 15. h4 Bc6 16. h5 Nd7 17. Ng5 c4 18. Bxc4 ({
or} 18. hxg6 hxg6 19. Bxc4 Qe5 {1-0 Petrosian,T (2602)-Roganovic,M (2474)/Novi
Sad 2009/CBM 133 (26)} 20. Be2 $1 $16) 18... Rad8 (18... Qe5 19. Be2 $1 $16)
19. Rh3 Qe5 20. Be2 Bxe4 21. Nxe4 Qxe4 22. Kf1 Qe5 23. Bf4 Qf5 {0-1 Palo,D 
(2510)-Ivanchuk,V (2710)/Skanderborg 2003/CBM 098 (50)} 24. Rd1 $16) 13. Bf4 (
13. c4 Nc6 $1 (13... Qxd2+ 14. Bxd2 Re8 15. Be2 (15. Bd3 $5 exd5 $140 16. cxd5
f5 17. Ng5 $1) 15... Nd7 16. Be3 exd5 17. exd5 f5 18. Rc2 b6 19. O-O Nf6 20.
Bd3 Bd7 21. h3 Ne4 $132 {0-1 Hoeksema,H (2309)-Timman,J (2569)/Dieren 2009/CBM
131 Extra (53)}) 14. Qxa5 Nxa5 15. Bd2 (15. Be3 b6 16. Bd3 f5 17. exf5 gxf5 18.
Bg5 Rd6 19. Bf4 Rd8 20. Bg5 Rd6 21. Bf4 Rd7 $5 22. O-O exd5 23. Rfe1 dxc4 24.
Bxf5 Rd8 25. Bc2 Bg4 $13 {1-0 Ding,L (2530)-Li,C (2617)/JinZhou 2009/CBM 133 
(54)}) 15... b6 16. Bd3 Nb7 17. O-O Bd7 18. Rfe1 Re8 19. Bc3 Rad8 20. e5 fxe5
21. Nxe5 exd5 22. cxd5 Nd6 $11 {1/2 Melkumyan,H (2583)-Sasikiran,K (2653)/
Moscow 2010/CBM 135 (71)}) (13. Be3 $5 Nc6 14. h4 exd5 15. exd5 Bg4 16. Be2 Ne7
(16... Bxf3 17. gxf3 Ne7 {1/2 Harika,D (2445)-Gupta,A (2565)/Paleohora 2009/
CBM 131 Extra} 18. d6 $5 $36) 17. c4 (17. d6 $6 Be6) 17... Qc7 18. Ng5 Bf5 19.
Nh3 Nc8 20. g4 Bd7 21. h5 gxh5 22. Nf4 hxg4 23. Qc2 f5 24. Bxg4 Nd6 25. Be2 $44
{1-0 Sundararajan,K (2526)-Konguvel,P (2420)/Chennai IND 2010/The Week in
Chess 796 (48)}) 13... Nc6 $146 (13... exd5 14. exd5 Nc6 15. Be2 Bf5 16. O-O
Be4 17. d6 Kh8 18. Rfe1 g5 19. Bg3 h6 20. h4 c4 21. hxg5 fxg5 22. Bxc4 $18 {
1-0 Ponomariov,R (2737)-Aronian,L (2782)/Nice FRA 2010/The Week in Chess 803 
(49)}) (13... f5 14. Bc4 (14. d6 $5) 14... Qa4 15. Qe2 b5 16. Bxb5 Qxe4 17.
dxe6 $1 (17. Qxe4 fxe4 18. dxe6 Bxe6 19. Nd2 a6 20. Ba4 Nd7 21. O-O Nf6 22. c4
Bd7 23. Bc2 Bf5 $13 {1/2 Moiseenko,A (2694)-Petrosian,T (2602)/Ohrid 2009/CBM
133 (67)}) 17... Bxe6 18. Ng5 Qxe2+ 19. Kxe2 Bxa2 20. Ra1 Bf7 21. Rhd1 Rc8 22.
Nxf7 Kxf7 23. Bc4+ Ke8 24. Be6 $18 {1-0 Giri,A (2588)-Howell,D (2606)/Wijk aan
Zee 2010/CBM 135 (40)}) (13... Qa4 $5 {is the latest and so far successful
attempt for Black to equalise:} 14. Qc2 Qxc2 15. Rxc2 exd5 16. exd5 Bf5 17. Rb2
Be4 18. Bc4 (18. c4 Bxf3 19. gxf3 b6 20. Re2 Na6 21. a3 Kf7 22. h4 h5 23. Kd2
Re8 24. Rxe8 Rxe8 25. Bd3 f5 26. Bc2 Be5 $11 {1/2 Ragger,M (2614)-Bosiocic,M 
(2562)/Chur SUI 2010/The Week in Chess 813 (47)}) 18... Nd7 19. Nd2 Bxg2 20.
Rg1 Bh3 21. Rg3 Bf5 22. Rxb7 Nb6 23. d6+ Nxc4 24. Nxc4 g5 25. h4 h6 $13 {
1/2 Ding Liren (2565)-Gupta,A (2560)/Olongapo City PHI 2010/The Week in Chess
808 (46)}) 14. Bc4 (14. Qe3 $5 exd5 (14... Nd4 $2 15. Nd2) 15. exd5 Nd4 16. Bc4
b5 $140 $2 17. Bc7 $1) 14... b5 $1 15. Be2 g5 16. Bg3 exd5 17. exd5 Ne7 $6 (
17... g4 $5 18. Nh4 Be6 19. Qe3 Bxd5 {At least Black gets rid of the main
enemy although his position remains weakened.} 20. O-O $44) 18. d6 $1 Bb7 19.
Qc2 {preventing ...Ne7-f5} Ng6 20. O-O $16 {[%csl Gd6] White has won the
opening battle. Despite his strong d6-pawn, Black has a lot of weaknesses 
(especially on the kingside).} Qb6 $2 {[%mdl 8192]} (20... Bc6 $142) 21. Rfd1 (
{Even} 21. Rb1 a6 22. a4 {or}) (21. Bd3 $5 {was very strong}) ({and} 21. Bxb5
$1 {was already possible:} Qxb5 (21... Bxf3 22. Bc4+ Kh8 23. gxf3 Nf4 ({or} 
23... Ne5 24. Bd5 Rac8 25. Qf5 Qxd6 26. Be4 $18) ({or} 23... Rxd6 24. Rb1 Qd8
25. Bxd6 Qxd6 26. Rfd1 $18 {[%cal Gd1d8,Gb1b8]}) 24. Bxf4 gxf4 25. Bd5 $1 Rac8
26. Qf5 Qxd6 27. Be4 $18 {[%cal Ge4h7]}) 22. Rb1 Qd7 23. Qb3+ Kh8 24. Qxb7 g4
$1 25. Ne1 $1 (25. Nd2 Qxb7 26. Rxb7 f5 27. f3 f4) 25... f5 26. Qxd7 Rxd7 27.
Nd3 f4 28. Nxf4 Rxd6 29. Nh5 $18) {GM Dmitry Jakovenko decides to mount
pressure without forcing the game, which is quite a wise decision.} 21... Qc6
$6 {It turns out that Black doesn't see the Bxb5 threat! But what can he do?} (
{After} 21... a6 22. Bd3 $1 {gains in strength}) ({If} 21... Kh8 {then} 22. Rb1
$1) ({Finally,} 21... Nf4 {loses to} 22. Bxf4 gxf4 23. Rb1 $1 a6 24. Bc4+ Kh8
25. Qf5 Rxd6 26. Rxd6 Qxd6 27. Bd3 {[%cal Gd3h7]}) 22. Bxb5 $1 {[%mdl 64]} Qxb5
23. Rb1 {With an additional tempo (Rf1-d1) White easily obtains a decisive
material advantage.} Qc6 24. Qb3+ c4 25. Qxb7 Qxb7 26. Rxb7 f5 27. Nxg5 f4 28.
Ne6 Be5 29. Nxd8 Rxd8 30. Rc7 fxg3 31. hxg3 Bxc3 32. Rxc4 $18 Ba5 33. Rd5 Bb6
34. a4 Rd7 35. a5 Bd8 36. f4 Kf7 37. Re4 Nf8 38. g4 h6 39. Kh2 Nh7 40. Rf5+ Kg7
41. Rd4 Nf6 42. g5 hxg5 43. Rxg5+ Kf7 44. Rb5 Ne8 45. a6 $5 Nxd6 {Black has
regained this pawn but now, after the rook exchange, White's remaining rook
and two connected passed pawns easily overpower Black's minor pieces.} 46. Rb7
$1 Ke7 47. Rxd7+ Kxd7 {[%mdl 4096]} 48. g4 Ke6 49. Kg3 Bb6 50. Rb4 Bc5 51. Ra4
Bb6 52. Kf3 Nb5 53. Re4+ Kf7 54. g5 Nc7 55. f5 Bc5 (55... Nxa6 56. g6+ Kg7 57.
Re7+ Kg8 58. f6 Nc7 59. Rg7+ Kf8 60. Rh7 $18) 56. Ra4 Be7 57. Kg4 Bf8 58. Rd4
Nxa6 59. Rd7+ Kg8 60. f6 Nc5 61. Rxa7 Ne4 62. Kf5 Nd6+ 63. Ke6 1-0